000 01333cam a2200397 a 4500
003 CHAP
005 20220329142223.0
008 000224d1996 mx r 00010 spa d
010 _a80092
011 _a81064
020 _a9683648568
035 _a91524
040 _cCHAP
082 0 4 _a336.72
_bM37
100 0 0 _aMartínez Le Clainche, Roberto.
_972202
245 1 0 _aCurso de teoría monetaria y política financiera
_c/por Roberto Martínez Le Clainche
260 _aMéxico, D. F. :
_bUniversidad Nacional Autónoma de México. Instituto de Investigaciones Económicas,
_c1996.
300 _a346 p.
590 _aBATCH-UPD
_b10
_c20130110
_lUCH01
_h0125
590 _aBATCH-UPD
_b10
_c20130110
_lUCH01
_h1323
590 _aBATCH-UPD
_b10
_c20130409
_lUCH01
_h2119
590 _aBATCH-UPD
_b10
_c20130410
_lUCH01
_h0832
590 _aBATCH-UPD
_b10
_c20130914
_lUCH01
_h1113
590 _aCONVERSION
_b10
_c20130109
_lUCH01
_h1344
650 1 4 _aCuestión monetaria.
_930120
650 1 4 _aFinanzas.
_940930
650 1 4 _aFinanzas
_xMéxico.
_940943
650 1 4 _aMoneda.
_977500
650 1 4 _aTipo de cambio.
_9113390
790 _aEurodolares
790 _aSwaps
901 _aBK
905 _aLilia Sánchez G.
942 _cLIBRO
949 _a336.72 M37
_bBC
_cLIBRO
_d33724000750840
_eLIBRO
_gI.201591
_h97289
_i91524
_sb
_t$120.00
999 _c80092
_d80092